000 00379nam a2200133Ia 4500
008 151213s9999 xx 000 0 und d
100 _aL. Minayev , L. Fyodorow
245 _aStruggle for Socialism In The World
_cL. Minayev , L. Fyodorow
260 _aMoscow
_bProgress Publishers
300 _a6544 p.
650 _aEnglish
700 _aL. Minayev , L. Fyodorow
999 _c3626
_d3626